000 00279nam a22001217a 4500
003 SGT
082 _a891.433
_bPRE
100 _aPREMCHAND MUNSHI
245 _aPREMCHAND’S KAZAKI AND OTHER MARVELLOUS TALES
260 _aINDIA
_bHACHETTE
_c2013
300 _a188
942 _2ddc
_cBK
999 _c33463
_d33463